00269nam a2200097Ia 4500008004100000100001700041245003600058260004600094300000900140650002200149190216s9999||||xx |||||||||||||| ||und|| aAmrilk Singh 0aQuestion Bank Political Science bAssociation Of Indian Universitiesc1983 a321p aPolitical Science